A primeira viagem de Zip (Registo nº 2152)

Detalhes MARC
000 -Etiqueta do registo
Cabeçalho 00875nam a22002891 4500
005 - Identificador da versão
Campo de controlo 20240813121926.0
010 ## - Número internacional normalizado dos livros (ISBN)
Número (ISBN) 9727123651
021 ## - Número do Depósito Legal
Código do país PT
Número 218125/04
100 ## - Dados gerais de processamento
Dados gerais de processamento 20061126d2004 c y0pory5003 ba
102 ## - Pais de publicação ou produção
País de publicação Portugal
101 0# - Língua de publicação
Língua do texto, banda sonora, etc. Português
106 ## - Campo de dados codificados: material textual
Dados codificados do material textual r
105 ## - Campo de dados codificados: livros
Dados codificados dos livros a z 001ay
215 ## - Descrição física 
Indicação específica da natureza do documento e extensão da espécie 87, [8] p.
Outras indicações físicas il.
Dimensões 18 cm
200 1# - Titulo e menção de responsabilidade
Título próprio A primeira viagem de Zip
Primeira menção de responsabilidade Maria-France Mangin
Outras menções de responsabilidade il. Bruno Robert
-- trad. Vitor da Rocha
225 2# - Colecção 
Título próprio da colecção Mini C
Nome de uma parte ou secção Primeira biblioteca infantil
Indicação de volume 2
210 ## - Publicação, Distribuição, etc. 
Lugar da edição, distribuição, etc. Maia
Nome do editor, distribuidor, etc. Nova Gaia
Data da publicação, distribuição, etc. cop. 2004
606 ## - Nome comum usado como assunto
Número de registo de entrada de autoridade 0000559
Palavra de ordem Literatura estrangeira infantil
Subdivisão de assunto Romance de aventuras
675 ## - Classificação Decimal Universal (CDU)
Notação 82-311.3
Edição
Língua da edição por
702 #1 - Nome de autor-pessoa física (responsabilidade secundária)
Número de registo de entrada de autoridade 0000399
Palavra de ordem Rocha
Outra parte do nome não tomada para palavra de ordem Vitor da
Código de função Tradutor
Número de registo de entrada de autoridade 0000938
Palavra de ordem Robert
Outra parte do nome não tomada para palavra de ordem Bruno
Código de função Ilustrador / Técnico de desenho computorizado
700 #1 - Nome de autor-pessoa física (responsabilidade principal)
Número de registo de entrada de autoridade 0000779
Palavra de ordem Mangin
Outra parte do nome não tomada para palavra de ordem Marie-France
942 ## - Elementos de entrada adicionados (Koha)
Tipo de item no Koha Livro
Exemplares
Situação do levantamento Origin of item (home branch) (coded) Biblioteca de empréstimo Código de barras Cota Circulation type (not for loan) Tipo de documento Nota do exemplar Damaged status
  Biblioteca Escolar da Coca Maravilhas Biblioteca Escolar da Coca Maravilhas BECM7701/06 8EST MAN   Livro Sem mensagem